Diseño de un mini acueducto por bombeo eléctrico en la comunidad las sidras municipio de San Isidro, Matagalpa
El estudio presenta un diseño de un miniacueducto por bombeo eléctrico (MABE), con conexiones domiciliares y el aprovechamiento de un manantial con buena calidad de agua, permitirá reducir los índices de enfermedades de origen hídrico, el trabajo infantil y de las mujeres, así mismo contribui...
| Main Authors: | , , |
|---|---|
| Other Authors: | |
| Format: | Tesis Section = Libro |
| Language: | Undetermined Spanish |
| Published: |
Managua
UNI
2022
|
| Subjects: |
| LEADER | 01277nam a2200277Ia 4500 | ||
|---|---|---|---|
| 008 | 240830s9999 xx 000 0 und d | ||
| 040 | |a BIBLIOTECA-RUPAP Mon 628.72 B456 | ||
| 041 | |a spa | ||
| 082 | |a Mon 628.72 B456 | ||
| 100 | 1 | |a Benavides Moreno, Marvin Octavio | |
| 100 | 1 | |b Espinoza Obregón, Juan Emilio | |
| 100 | 1 | |c Herrera Briones, Jonny José | |
| 245 | 1 | 0 | |a Diseño de un mini acueducto por bombeo eléctrico en la comunidad las sidras municipio de San Isidro, Matagalpa |
| 260 | |a Managua |b UNI |c 2022 | ||
| 300 | |a 102 p. :il. | ||
| 500 | |a Contiene: anexos y CD. | ||
| 502 | |a Tesis (Ingeniero Civil) - UNI, 2022. | ||
| 520 | 3 | |a El estudio presenta un diseño de un miniacueducto por bombeo eléctrico (MABE), con conexiones domiciliares y el aprovechamiento de un manantial con buena calidad de agua, permitirá reducir los índices de enfermedades de origen hídrico, el trabajo infantil y de las mujeres, así mismo contribuirá a mejorar el nivel de vida de toda la población de la comunidad. | |
| 650 | 7 | |a AGUA POTABLE | |
| 650 | 7 | |b ACUEDUCTOS-DISEÑO Y CONSTRUCCION | |
| 650 | 7 | |c DISEÑO HIDRAULICO | |
| 650 | 7 | |d CALIDAD DEL AGUA. | |
| 700 | 1 | |a Tutor: |b Chow Zúniga, Juan Leonardo | |
| 942 | |c BK |2 ddc | ||
| 991 | |a TESIS | ||
| 999 | |c 19083 | ||